[Event "26th Open"]
[Site "Cappelle la Grande FRA"]
[Date "2010.02.14"]
[Round "2"]
[White "Todorov,T"]
[Black "Edouard,R"]
[Result "1/2-1/2"]
[WhiteElo "2490"]
[BlackElo "2608"]
[EventDate "2010.02.13"]

1. g3 d5 2. Bg2 e5 3. d3 Bd6 4. Nc3 c6 5. e4 Nf6 6. Bg5 d4 7. Nce2 c5 8. f4
exf4 9. Nxf4 Qa5+ 10. Qd2 Qxd2+ 11. Kxd2 Ng4 12. Nd5 Nc6 13. Rf1 Be6 14.
Nh3 h6 15. Bf4 Kd7 16. Nf2 Nxf2 17. Rxf2 Rae8 18. Bxd6 Kxd6 19. Nf4 Ke7 20.
e5 Nxe5 21. Bxb7 Rb8 22. Re2 Kd6 23. Nxe6 Kxe6 24. Ba6 Kd6 25. Bc4 Rhe8 26.
Bb3 f5 27. Rf1 g6 28. c3 a5 29. Rf4 g5 30. Rxf5 a4 31. cxd4 cxd4 32. Bxa4
Rxb2+ 33. Kd1 Rxe2 34. Kxe2 Re7 35. Kd2 g4 36. Bd1 Rb7 37. Bb3 Nf3+ 38. Ke2
Re7+ 39. Kf2 Ne5 40. Ke2 Nc4+ 41. Kf2 Ne5 42. Kf1 Nxd3 43. Rd5+ Kc6 44.
Rxd4 Re1+ 45. Kg2 Re2+ 46. Kf1 Re1+ 1/2-1/2

[Event "26th Open"]
[Site "Cappelle la Grande FRA"]
[Date "2010.02.14"]
[Round "2"]
[White "Corrales Jimenez,F"]
[Black "Shankland,S"]
[Result "1/2-1/2"]
[WhiteElo "2602"]
[BlackElo "2491"]
[EventDate "2010.02.13"]

1. e4 c5 2. Nf3 d6 3. d4 cxd4 4. Nxd4 Nf6 5. Nc3 a6 6. Bg5 e6 7. f4 Be7 8.
Qf3 Qc7 9. O-O-O Nbd7 10. Bd3 h6 11. Bh4 g5 12. fxg5 Ne5 13. Qe2 Nfg4 14.
Nf3 hxg5 15. Bg3 Nxf3 16. Qxf3 Ne5 17. Bxe5 dxe5 18. Be2 Bd7 19. Rd3 Bc6
20. Rf1 Rh7 21. h4 gxh4 22. Qg4 Bf8 23. Qg8 Rg7 24. Qh8 Qe7 25. Bh5 Rd8 26.
Rdf3 Qg5+ 27. Kb1 Rd7 28. R3f2 Rg8 1/2-1/2

[Event "26th Open"]
[Site "Cappelle la Grande FRA"]
[Date "2010.02.14"]
[Round "2"]
[White "Naumkin,I"]
[Black "Kryvoruchko,Y"]
[Result "1/2-1/2"]
[WhiteElo "2484"]
[BlackElo "2598"]
[EventDate "2010.02.13"]

1. d4 Nf6 2. c4 e6 3. Nf3 c5 4. d5 b5 5. Bg5 b4 6. Nbd2 Be7 7. Bxf6 Bxf6 8.
Rb1 exd5 9. cxd5 O-O 10. e4 d6 11. Bd3 Bg4 12. h3 Bxf3 13. Qxf3 Nd7 14. O-O
Nb6 15. Nc4 Nxc4 16. Bxc4 Qd7 17. Kh1 Bd4 18. Bd3 a5 19. Qg3 a4 20. f4 Rfe8
21. Rfe1 Rab8 22. Bc4 Qc7 1/2-1/2

[Event "26th Open"]
[Site "Cappelle la Grande FRA"]
[Date "2010.02.14"]
[Round "2"]
[White "Siebrecht,S"]
[Black "Kovalyov,A"]
[Result "1/2-1/2"]
[WhiteElo "2468"]
[BlackElo "2601"]
[EventDate "2010.02.13"]

1. d4 Nf6 2. c4 e6 3. Nf3 b6 4. g3 c6 5. Bg2 d5 6. O-O Be7 7. Nc3 Ba6 8.
Ne5 O-O 9. Qa4 Qe8 10. cxd5 cxd5 11. Qxe8 Rxe8 12. Bg5 h6 13. Bf4 Nbd7 14.
Nxd7 Nxd7 15. Rfc1 Rac8 16. e4 g5 17. Be3 dxe4 18. Nxe4 Nf6 19. Nxf6+ Bxf6
20. Bf1 Bb7 21. Bg2 Bxg2 22. Kxg2 Bg7 23. Kf3 f5 24. Ke2 Kf7 25. Rxc8 Rxc8
26. Rd1 Ke7 27. f4 Bf6 28. Kd3 Kd7 29. Rc1 Rg8 30. Rc4 Bd8 31. Rc1 Bc7 32.
Rf1 Kc6 33. Rc1+ Kd6 34. fxg5 hxg5 35. h4 Bd8 36. Rc8 gxh4 37. gxh4 Kd7 38.
Ra8 Rg3 39. Rxa7+ Kc6 40. d5+ Kxd5 41. Rd7+ Ke5 42. Ke2 Bxh4 43. Bxb6 f4
44. a4 Ke4 45. Rd4+ Kf5 46. Rb4 Rg2+ 47. Kf3 Rg3+ 48. Ke2 Rg2+ 49. Kf3 Rg3+
1/2-1/2

[Event "26th Open"]
[Site "Cappelle la Grande FRA"]
[Date "2010.02.14"]
[Round "2"]
[White "Gurevich,M"]
[Black "Fargere,Fr"]
[Result "1-0"]
[WhiteElo "2597"]
[BlackElo "2489"]
[EventDate "2010.02.13"]

1. d4 d5 2. c4 c6 3. Nf3 Nf6 4. Qc2 dxc4 5. Qxc4 Bf5 6. g3 e6 7. Bg2 Nbd7
8. O-O Be7 9. e3 O-O 10. Qe2 Ne4 11. Rd1 Qc7 12. Ne1 Rad8 13. f3 Nef6 14.
e4 Bg6 15. Nc3 c5 16. Nc2 cxd4 17. Nxd4 Ne5 18. Be3 a6 19. Rac1 Qb8 20. Na4
Ned7 21. a3 Rc8 22. b4 Rxc1 23. Rxc1 Rc8 24. Nb3 Rxc1+ 25. Bxc1 b5 26. Nac5
Nxc5 27. Nxc5 Qc8 28. Be3 Nd7 29. Nxd7 Qxd7 30. Qc2 f6 31. Bh3 Be8 32. Kf2
Kf7 33. Bf1 Qc6 34. Bd3 Qxc2+ 35. Bxc2 Bd6 36. Bd4 Bd7 37. Bb3 Bc7 38. f4
Kg6 39. Bc5 a5 40. Ke3 axb4 41. axb4 h5 42. Kf3 Kh6 43. h4 Kg6 44. Kf2 Bd8
45. Ke3 Bc7 46. Bc2 Kf7 47. Bd1 Kg6 48. Bf3 Kh6 49. Bd1 Kg6 50. Bc2 Kf7 51.
Bb1 Bc8 52. Bd3 Bd7 53. Bc2 Bc8 54. Kf2 Bd7 55. Kf1 Bc6 56. Ke2 Bd7 57. Kf2
Bc6 58. Bb1 Bd7 59. Ba2 Kg6 60. Bb3 Bd8 61. Ke2 Bc7 62. Ke3 Kh6 63. Bc2 g6
64. Bb3 Kg7 65. Kf3 Bc8 66. Kf2 Bd7 67. Ke3 Bc8 68. Kd4 e5+ 69. Ke3 Bd7 70.
Bd5 Be8 71. f5 Bd7 72. Be6 Bc6 73. Kf3 Bd8 74. fxg6 Kxg6 75. Bf5+ Kg7 76.
g4 Be8 77. Kg3 hxg4 78. Kxg4 Bf7 79. h5 Bc4 80. h6+ Kh8 81. Bg6 Be6+ 82.
Kh5 Bc4 83. Kg4 Be6+ 84. Bf5 Bc4 85. Bg6 Bf1 86. h7 Kg7 87. Bf8+ Kh8 88.
Kh5 Bb6 89. Bf5 Bc4 90. Kg6 1-0

[Event "26th Open"]
[Site "Cappelle la Grande FRA"]
[Date "2010.02.14"]
[Round "2"]
[White "Burmakin,V"]
[Black "Brunello,S"]
[Result "0-1"]
[WhiteElo "2590"]
[BlackElo "2547"]
[EventDate "2010.02.13"]

1. Nf3 Nf6 2. g3 d5 3. Bg2 e6 4. c4 Be7 5. O-O O-O 6. b3 c5 7. cxd5 Nxd5 8.
Bb2 Nc6 9. Nc3 Bf6 10. Qc1 Nxc3 11. dxc3 Qc7 12. Rd1 Bd7 13. Nd2 Rad8 14.
Ne4 Be7 15. Qf4 e5 16. Qe3 c4 17. b4 b6 18. Nd2 Nb8 19. a4 Be6 20. Nf3
Rxd1+ 21. Rxd1 Nd7 22. Ng5 Bf5 23. h4 h6 24. Be4 Bg4 25. Nf3 Nf6 26. Bc2
Bd6 27. Nd2 Be6 28. Nf1 Re8 29. Qd2 Bf8 30. Ne3 g6 31. Ba3 a6 32. Qc1 h5
33. Qb1 b5 34. Bc1 Qc6 35. Qa1 Bc8 36. axb5 axb5 37. Qb1 Bb7 38. f3 e4 39.
f4 Qe6 40. Bd2 Qh3 41. Be1 Bg7 42. Qc1 Ng4 0-1

[Event "26th Open"]
[Site "Cappelle la Grande FRA"]
[Date "2010.02.14"]
[Round "2"]
[White "Geetha Narayanan Gopal"]
[Black "Sanduleac,V"]
[Result "1-0"]
[WhiteElo "2575"]
[BlackElo "2466"]
[EventDate "2010.02.13"]

1. e4 c6 2. d4 d5 3. Nc3 dxe4 4. Nxe4 Bf5 5. Ng3 Bg6 6. h4 h6 7. Nf3 Nd7 8.
h5 Bh7 9. Bd3 Bxd3 10. Qxd3 e6 11. Bd2 Ngf6 12. O-O-O Be7 13. Qe2 O-O 14.
Nf1 c5 15. g4 cxd4 16. g5 hxg5 17. Bxg5 Qa5 18. Kb1 Rfd8 19. h6 g6 20. h7+
Kh8 21. Rxd4 Rac8 22. Ng3 Re8 23. Ne4 Nxe4 24. Qxe4 Nf6 25. Qe5 Qxe5 26.
Nxe5 Nh5 27. Rd7 Bxg5 28. Nxf7+ Kxh7 29. Nxg5+ Kg8 30. Rxb7 Rf8 31. f3 Rf5
32. Rg1 Nf4 33. Nxe6 Nxe6 34. Rxg6+ Kf8 35. Rxe6 Rxf3 36. c3 Rf2 37. a3 1-0

[Event "26th Open"]
[Site "Cappelle la Grande FRA"]
[Date "2010.02.14"]
[Round "2"]
[White "Mullon,J"]
[Black "Kulaots,K"]
[Result "1/2-1/2"]
[WhiteElo "2458"]
[BlackElo "2575"]
[EventDate "2010.02.13"]

1. e4 c5 2. Nf3 d6 3. d4 cxd4 4. Nxd4 Nf6 5. Nc3 a6 6. Bc4 e6 7. Bb3 Nbd7
8. f4 Nc5 9. e5 Nfd7 10. exd6 Nf6 11. Qe2 Bxd6 12. Nf5 O-O 13. Nxd6 Qxd6
14. Bd2 b5 15. O-O-O Qc6 16. Be3 Bb7 17. Bd4 b4 18. Bxf6 gxf6 19. Qg4+ Kh8
20. Qh4 bxc3 21. Qxf6+ Kg8 22. Qg5+ Kh8 23. Qf6+ Kg8 24. Qg5+ 1/2-1/2

[Event "26th Open"]
[Site "Cappelle la Grande FRA"]
[Date "2010.02.14"]
[Round "2"]
[White "Chabanon,JL"]
[Black "Gupta,Ab"]
[Result "1/2-1/2"]
[WhiteElo "2445"]
[BlackElo "2577"]
[EventDate "2010.02.13"]

1. d4 Nf6 2. c4 g6 3. Nc3 d5 4. Bg5 Ne4 5. Bh4 Nxc3 6. bxc3 dxc4 7. e3 Be6
8. Be2 Bg7 9. Nf3 O-O 10. Qb1 Nd7 11. Qxb7 Nb6 12. Qa6 Qd6 13. O-O Nd5 14.
Qa5 Qb6 15. Qxb6 axb6 16. Bxc4 Nxc3 17. Bxe6 fxe6 18. a3 c5 19. Rfe1 Nd5
20. Rac1 Rfc8 21. dxc5 bxc5 22. e4 Nf4 23. Rc2 Rxa3 24. Bxe7 Rc3 25. Rxc3
Bxc3 26. Rd1 c4 27. Rd8+ Rxd8 28. Bxd8 e5 29. Kf1 Kf7 30. Bb6 Ke7 31. Be3
Ne6 32. Nd2 Bxd2 33. Bxd2 Kd6 34. f3 Nc5 35. Bc3 Nd3 36. Ke2 Kc5 37. g3 g5
38. Kd2 h5 39. Ke3 Kb5 40. h3 Ka4 41. f4 exf4+ 42. gxf4 Nxf4 43. h4 Ne6 44.
hxg5 Nxg5 45. Kf4 h4 46. Ba1 Kb3 47. Kg4 Ka2 48. Bg7 h3 49. Kg3 Kb1 50. Kh2
Kc2 51. Ba1 Nxe4 52. Kxh3 Nc3 53. Kg4 Na4 54. Bd4 Kd3 55. Ba1 Nc5 56. Bb2
Kc2 57. Ba1 Ne4 58. Kf3 Nc3 59. Kg4 1/2-1/2

[Event "26th Open"]
[Site "Cappelle la Grande FRA"]
[Date "2010.02.15"]
[Round "3"]
[White "Rozentalis,E"]
[Black "Abergel,T"]
[Result "1/2-1/2"]
[WhiteElo "2623"]
[BlackElo "2538"]
[EventDate "2010.02.13"]

1. d4 Nf6 2. Nf3 d5 3. Bg5 c6 4. e3 Bg4 5. Bxf6 exf6 6. Nbd2 Bd6 7. c4 dxc4
8. Bxc4 O-O 9. O-O Nd7 10. a3 Qe7 11. Qc2 Rfe8 12. Nh4 Nb6 13. Bd3 g6 14.
h3 f5 15. Nhf3 Bh5 16. Rfe1 Nd5 17. e4 Bxf3 18. Nxf3 fxe4 19. Bxe4 Qe6 20.
Kf1 Re7 21. Qb3 1/2-1/2

[Event "26th Open"]
[Site "Cappelle la Grande FRA"]
[Date "2010.02.15"]
[Round "3"]
[White "Kharitonov,Alexandr"]
[Black "Gharamian,T"]
[Result "1-0"]
[WhiteElo "2538"]
[BlackElo "2609"]
[EventDate "2010.02.13"]

1. d4 Nf6 2. c4 g6 3. Nf3 Bg7 4. g3 O-O 5. Bg2 d6 6. O-O Nc6 7. Nc3 a6 8.
b3 Rb8 9. Nd5 Nd7 10. Bb2 e6 11. Ne3 e5 12. dxe5 dxe5 13. Nd5 Re8 14. Nd2
Nd4 15. e3 Ne6 16. b4 c6 17. Nc3 a5 18. a3 Bf8 19. c5 Qc7 20. Nc4 axb4 21.
axb4 b6 22. b5 cxb5 23. Nd6 Bxd6 24. cxd6 Qc5 25. Ra7 b4 26. Nd5 Nef8 27.
Ne7+ Rxe7 28. dxe7 Qxe7 29. Qd5 Qe6 30. Rc1 b5 31. Qxe6 Nxe6 32. Bd5 b3 33.
Bxb3 Nec5 34. Bxf7+ Kf8 35. Bd5 Nd3 36. Rb1 b4 37. Ba1 1-0

[Event "26th Open"]
[Site "Cappelle la Grande FRA"]
[Date "2010.02.15"]
[Round "3"]
[White "Jojua,D"]
[Black "Gurevich,M"]
[Result "1/2-1/2"]
[WhiteElo "2535"]
[BlackElo "2597"]
[EventDate "2010.02.13"]

1. d4 d6 2. Nf3 f5 3. c4 g6 4. Nc3 Nf6 5. g3 Bg7 6. Bg2 O-O 7. O-O Qe8 8.
Nd5 Nxd5 9. cxd5 Qb5 10. Ng5 c6 11. a4 Qc4 12. dxc6 Nxc6 13. e3 Kh8 14. b3
Qg8 15. Ba3 Bd7 16. d5 Ne5 17. Rc1 Rfc8 18. Qd2 h6 19. Nf3 Nxf3+ 20. Bxf3
Rxc1 21. Rxc1 Rc8 22. Bb2 Rxc1+ 23. Qxc1 Qc8 24. Qa1 1/2-1/2

[Event "26th Open"]
[Site "Cappelle la Grande FRA"]
[Date "2010.02.15"]
[Round "3"]
[White "Dziuba,M"]
[Black "Sveshnikov,V"]
[Result "1-0"]
[WhiteElo "2587"]
[BlackElo "2381"]
[EventDate "2010.02.13"]

1. d4 d5 2. c4 c6 3. Nf3 Nf6 4. e3 Bg4 5. Qb3 Qb6 6. Nc3 e6 7. Nh4 Bh5 8.
h3 Nbd7 9. g4 Bg6 10. Nxg6 hxg6 11. Bg2 Qa6 12. cxd5 Nxd5 13. Bd2 Nb4 14.
Bf1 Nd3+ 15. Bxd3 Qxd3 16. Qxb7 Rb8 17. Qxc6 Rxb2 18. Qc8+ Ke7 19. Rd1 Rc2
20. Nd5+ exd5 21. Bb4+ Kf6 22. Qd8+ Ke6 23. Qe8+ Kf6 24. g5+ Kxg5 25. Be7+
Nf6 26. Rxd3 Kf5 27. e4+ dxe4 28. Qb5+ Ke6 29. Qe5+ Kd7 30. Qd6+ Kc8 31.
Qd8+ Kb7 32. Rb3+ 1-0

[Event "26th Open"]
[Site "Cappelle la Grande FRA"]
[Date "2010.02.15"]
[Round "3"]
[White "Rivas Pastor,M"]
[Black "Geetha Narayanan Gopal"]
[Result "1/2-1/2"]
[WhiteElo "2531"]
[BlackElo "2575"]
[EventDate "2010.02.13"]

1. e4 c5 2. Nf3 d6 3. Bb5+ Nd7 4. c3 Ngf6 5. d3 g6 6. O-O Bg7 7. Re1 a6 8.
Ba4 b5 9. Bc2 e5 10. a4 Bb7 11. axb5 axb5 12. Rxa8 Bxa8 13. Na3 Qb6 14. b4
O-O 15. Bd2 d5 16. bxc5 Qxc5 17. Qc1 dxe4 18. dxe4 Bc6 19. h3 Ra8 20. Nb1
Qd6 21. Bg5 Nc5 22. Nbd2 h6 23. Be3 Nfd7 24. Rd1 Qe6 25. Ne1 Qe7 26. f3 Nb6
27. Nd3 Nxd3 28. Bxd3 Na4 29. Nb1 h5 30. Qc2 Bf8 31. Qe2 Qb7 32. Rc1 Bc5
33. Bxc5 Nxc5 34. Bc2 Ra2 35. Qe3 Qe7 36. Nd2 Kg7 37. Kh2 Rb2 38. Bd1 Ne6
39. Rc2 Qa3 40. Rxb2 Qxb2 41. Bb3 Bd7 42. Bxe6 Bxe6 43. h4 b4 44. cxb4
1/2-1/2

[Event "26th Open"]
[Site "Cappelle la Grande FRA"]
[Date "2010.02.15"]
[Round "3"]
[White "Sharapov,E"]
[Black "Gajewski,G"]
[Result "1/2-1/2"]
[WhiteElo "2522"]
[BlackElo "2568"]
[EventDate "2010.02.13"]

1. e4 c5 2. Nf3 d6 3. d4 cxd4 4. Nxd4 Nf6 5. Nc3 a6 6. g3 e5 7. Nb3 Be7 8.
a4 Nc6 9. Bg2 Nb4 10. O-O Bg4 11. Qd2 Rc8 12. a5 Qd7 13. Na4 Qb5 14. Nc3
Qc6 15. f4 Be6 16. Kh1 b5 17. axb6 Qxb6 18. Na5 O-O 19. f5 Bd7 20. b3 Qd4
21. Nc4 Qxd2 22. Bxd2 Nxc2 23. Rxa6 Nd4 24. Nb6 Rc6 25. Rb1 Be8 26. Ncd5
Nxd5 27. exd5 Rc2 28. Bb4 Bb5 29. Ra7 Re8 30. Rxe7 Rxe7 31. Bxd6 Re8 32.
Nc4 Nxf5 33. Bxe5 f6 34. Be4 Bxc4 35. bxc4 Rxc4 36. Bxf5 Rxe5 37. d6 Rd4
38. d7 Kf7 39. Rb8 Red5 40. Re8 Rd6 41. Be6+ Kg6 42. Kg2 Kh5 43. Rh8 Kh6
44. h4 g6 45. g4 g5 46. h5 Rxe6 47. d8=Q Rxd8 48. Rxd8 f5 49. gxf5 Re7 50.
Kf3 Re5 51. Rd7 Rxf5+ 52. Kg3 Ra5 53. Rb7 Ra1 54. Rc7 Ra3+ 55. Kg4 Ra4+ 56.
Kg3 Rh4 57. Ra7 Rh1 58. Rb7 Rg1+ 59. Kh3 Re1 60. Kg3 Re3+ 61. Kg4 Re4+
1/2-1/2

[Event "26th Open"]
[Site "Cappelle la Grande FRA"]
[Date "2010.02.15"]
[Round "3"]
[White "Oleksienko,M"]
[Black "Hebden,M"]
[Result "1/2-1/2"]
[WhiteElo "2546"]
[BlackElo "2532"]
[EventDate "2010.02.13"]

1. e4 e5 2. Nf3 Nc6 3. Bc4 Nf6 4. Ng5 d5 5. exd5 Na5 6. Bb5+ c6 7. dxc6
bxc6 8. Bd3 Ng4 9. Ne4 f5 10. Be2 Nf6 11. Nxf6+ Qxf6 12. O-O Bd6 13. d4
exd4 14. Qe1 Nb7 15. Bh5+ Kd7 16. Qd1 Nc5 17. c3 Ba6 18. cxd4 Ne6 19. Be2
Bxe2 20. Qxe2 Nxd4 21. Qd1 Qe5 22. f4 Ne2+ 23. Kh1 Qe6 24. Bd2 Rhe8 25. Nc3
Qc4 26. b3 Nxc3 27. Qc2 Qc5 28. Bxc3 g6 29. Rfd1 Re6 30. b4 Qc4 31. Rd4 Qe2
32. Qxe2 Rxe2 33. Rad1 Re6 34. b5 Rc8 35. bxc6+ Kxc6 36. Bb4 Bxb4 1/2-1/2

[Event "26th Open"]
[Site "Cappelle la Grande FRA"]
[Date "2010.02.15"]
[Round "3"]
[White "Leon Hoyos,M"]
[Black "Shchekachev,A"]
[Result "0-1"]
[WhiteElo "2516"]
[BlackElo "2546"]
[EventDate "2010.02.13"]

1. e4 c5 2. Nf3 e6 3. g3 Nc6 4. Bg2 Nf6 5. Qe2 d5 6. e5 Nd7 7. d3 b5 8. O-O
h6 9. h4 g6 10. c4 bxc4 11. dxc4 Ba6 12. Na3 Rc8 13. Bf4 Nd4 14. Qd1 Nb6
15. Nxd4 cxd4 16. Nb5 Nxc4 17. a4 Qb6 18. b3 Bxb5 19. axb5 Na3 20. Rc1 Rc3
21. Bd2 Nxb5 22. Bxc3 dxc3 23. Qg4 Ba3 24. Rc2 h5 25. Qf4 Nd4 26. Ra2 Bb2
27. Qf6 O-O 28. g4 hxg4 29. h5 Qd8 0-1

[Event "26th Open"]
[Site "Cappelle la Grande FRA"]
[Date "2010.02.15"]
[Round "3"]
[White "Grandelius,N"]
[Black "Amin,B"]
[Result "1/2-1/2"]
[WhiteElo "2515"]
[BlackElo "2544"]
[EventDate "2010.02.13"]

1. e4 e5 2. Nf3 Nc6 3. Bb5 Nge7 4. c3 g6 5. d4 exd4 6. cxd4 d5 7. exd5 Nxd5
8. O-O Bg7 9. Re1+ Be6 10. Bg5 Qd6 11. Nbd2 O-O 12. Nc4 Qb4 13. Bxc6 bxc6
14. Qc1 c5 15. Bd2 Qb5 16. Na3 Qb6 17. Nc4 Qb5 18. Na3 Qb6 19. Bh6 cxd4 20.
Bxg7 Kxg7 21. Nc4 Qc5 22. Nce5 Qb6 23. Nc4 Qc5 24. Nce5 Qb6 25. Nc4 1/2-1/2

[Event "26th Open"]
[Site "Cappelle la Grande FRA"]
[Date "2010.02.15"]
[Round "3"]
[White "Brunello,S"]
[Black "Bhat,V"]
[Result "0-1"]
[WhiteElo "2547"]
[BlackElo "2540"]
[EventDate "2010.02.13"]

1. d4 d5 2. c4 c6 3. Nf3 Nf6 4. g3 Bf5 5. Nc3 e6 6. Nh4 Be4 7. f3 Bg6 8.
Qb3 Qb6 9. Nxg6 hxg6 10. c5 Qc7 11. e4 dxe4 12. Bf4 Qc8 13. fxe4 b6 14.
cxb6 axb6 15. Bg2 Nbd7 16. e5 Nd5 17. O-O Be7 18. Ne4 O-O 19. Rac1 c5 20.
Nc3 Nxf4 21. gxf4 Ra5 22. d5 c4 23. Qd1 g5 24. Qg4 exd5 25. e6 f5 26. Qe2
Nf6 27. fxg5 Ne4 28. Nxe4 dxe4 29. g6 Qxe6 30. Qh5 Rf6 31. Qh7+ Kf8 32.
Qh8+ Qg8 33. Qxg8+ Kxg8 34. Rxc4 Rxg6 35. Kh1 Rf6 36. Rc7 Bd6 37. Rb7 Be5
38. Bh3 Bxb2 39. Rb1 Rxa2 40. Bf1 Ra1 0-1

[Event "26th Open"]
[Site "Cappelle la Grande FRA"]
[Date "2010.02.15"]
[Round "3"]
[White "Sokolov,Ivan"]
[Black "Sprenger,J"]
[Result "1/2-1/2"]
[WhiteElo "2649"]
[BlackElo "2508"]
[EventDate "2010.02.13"]

1. d4 d5 2. Nf3 Nf6 3. c4 dxc4 4. e3 e6 5. Bxc4 c5 6. O-O a6 7. Bb3 b5 8.
a4 Bb7 9. axb5 axb5 10. Rxa8 Bxa8 11. Nc3 b4 12. Ba4+ Nfd7 13. Ne2 Be7 14.
dxc5 O-O 15. Bd2 Bxc5 16. Qc2 Bxf3 17. gxf3 Ne5 18. Kg2 Nxf3 19. Kxf3 Qd5+
20. Qe4 Qxd2 21. Bc2 Qd5 22. Qxd5 exd5 23. Rd1 Rd8 24. Bb3 Nc6 25. Bxd5 Kf8
26. e4 Ne5+ 27. Kg2 Ke7 28. Nd4 Kf8 29. b3 Rd7 30. h3 Ng6 31. Ne2 Ne7 32.
Nf4 g6 33. Kf3 Kg7 34. Ke2 Ra7 35. Rd2 Bd6 36. Ng2 f5 37. Ne3 fxe4 38. Bxe4
Be5 39. Nc4 Bc3 40. Rd6 Ng8 41. f4 Nf6 42. Bd3 Re7+ 43. Kf3 Rd7 44. Rxd7+
Nxd7 45. Ne3 Nb6 46. Ke4 h5 47. Bb5 Kf6 48. Be8 Bd2 49. Ng2 Nc8 50. Kd3 Bc1
51. Kc2 Nd6 52. Bd7 Ba3 53. Ne3 Ke7 54. Ba4 Nf5 55. Nd5+ Kd6 56. Nb6 Nd4+
57. Kd3 Ne6 58. Nc4+ Ke7 59. Ke4 Bc1 60. Ne5 Nxf4 61. Nd3 Nxd3 62. Kxd3
1/2-1/2

[Event "26th Open"]
[Site "Cappelle la Grande FRA"]
[Date "2010.02.15"]
[Round "3"]
[White "Szabo,Krisz1"]
[Black "Kazhgaleyev,M"]
[Result "1/2-1/2"]
[WhiteElo "2500"]
[BlackElo "2643"]
[EventDate "2010.02.13"]

1. e4 e5 2. Nf3 Nc6 3. Bb5 a6 4. Ba4 Nf6 5. O-O Be7 6. Re1 b5 7. Bb3 d6 8.
c3 O-O 9. h3 Nb8 10. d4 Nbd7 11. Nbd2 Bb7 12. Bc2 Re8 13. a4 Bf8 14. Bd3 c6
15. b3 g6 16. Qc2 Qb6 17. Bb2 Nh5 18. Bf1 Rac8 19. Rab1 exd4 20. cxd4 d5
21. Ba1 Bb4 22. e5 c5 23. Qb2 cxd4 24. Qxd4 Qxd4 25. Bxd4 bxa4 26. bxa4 a5
27. Rec1 Bc6 28. Ba6 Rc7 29. Rc2 Nf4 30. Rbc1 Nb8 31. Bf1 1/2-1/2

[Event "26th Open"]
[Site "Cappelle la Grande FRA"]
[Date "2010.02.15"]
[Round "3"]
[White "Fedorchuk,S"]
[Black "Le Roux,JP"]
[Result "1/2-1/2"]
[WhiteElo "2641"]
[BlackElo "2497"]
[EventDate "2010.02.13"]

1. e4 e5 2. Nf3 Nf6 3. Nxe5 d6 4. Nc4 Nxe4 5. Nc3 Nxc3 6. bxc3 g6 7. g3 Bg7
8. Bg2 O-O 9. O-O d5 10. Ne3 c6 11. Rb1 Nd7 12. Re1 h5 13. a4 Re8 14. d4
Nf6 15. Ba3 Ne4 16. Qd3 Qf6 17. Re2 b6 18. a5 Rb8 19. Rbe1 Bd7 20. axb6
axb6 21. Bb2 b5 22. Ra1 Nd6 23. Ra7 Qd8 24. Ba3 Nc8 25. Ra6 Nb6 26. Bd6 Ra8
27. Rxa8 Qxa8 28. h4 Nc4 29. Nxc4 bxc4 30. Rxe8+ Qxe8 31. Qd1 Bf5 32. Kh2
Qe6 33. Bf4 Bf8 34. Be5 Bd6 35. Bxd6 Qxd6 36. Bh3 Bxh3 37. Kxh3 Qe6+ 38.
Kg2 Qe4+ 39. Kg1 Kf8 40. Qd2 Ke8 41. Qd1 Kd7 42. Kh2 Ke6 43. Qd2 Kf6 44.
Qg5+ Kg7 45. Qd2 f6 46. Kg1 Kh7 47. Kh2 Kg7 1/2-1/2

[Event "26th Open"]
[Site "Cappelle la Grande FRA"]
[Date "2010.02.15"]
[Round "3"]
[White "Hammer,J"]
[Black "Wirig,A"]
[Result "1-0"]
[WhiteElo "2627"]
[BlackElo "2497"]
[EventDate "2010.02.13"]

1. e4 c5 2. Nf3 Nc6 3. Bb5 g6 4. Bxc6 bxc6 5. O-O Bg7 6. Re1 e5 7. b4 cxb4
8. a3 Ne7 9. Bb2 d6 10. axb4 O-O 11. d4 Qc7 12. dxe5 dxe5 13. Qd3 Rd8 14.
Qc3 f6 15. Nbd2 Be6 16. Nb3 Bf7 17. Nfd2 Rd7 18. Nc4 Rad8 19. Nca5 Bh6 20.
Qf3 Bxb3 21. Nxb3 Rd6 22. Nc5 Kh8 23. Qb3 Bd2 24. Rf1 Ra8 25. Nd3 Rb8 26.
Nxe5 Rxb4 27. Qf7 1-0

[Event "26th Open"]
[Site "Cappelle la Grande FRA"]
[Date "2010.02.15"]
[Round "3"]
[White "Tomczak,J"]
[Black "Drozdovskij,Y"]
[Result "0-1"]
[WhiteElo "2500"]
[BlackElo "2624"]
[EventDate "2010.02.13"]

1. e4 e6 2. d4 d5 3. Nc3 dxe4 4. Nxe4 Nd7 5. Nf3 Ngf6 6. Be3 Nd5 7. Bd3
Nxe3 8. fxe3 Bd6 9. c4 c5 10. Qc2 Qa5+ 11. Kf2 h6 12. a3 Qc7 13. b4 b6 0-1

[Event "26th Open"]
[Site "Cappelle la Grande FRA"]
[Date "2010.02.15"]
[Round "3"]
[White "Bogner,S"]
[Black "Sandipan,C"]
[Result "1-0"]
[WhiteElo "2494"]
[BlackElo "2622"]
[EventDate "2010.02.13"]

1. Nf3 d5 2. c4 c6 3. cxd5 cxd5 4. d4 Nf6 5. Nc3 Nc6 6. Bf4 e6 7. e3 Be7 8.
Bd3 O-O 9. h3 Bd7 10. O-O Be8 11. Rc1 Nh5 12. Bh2 f5 13. g4 Nf6 14. gxf5
exf5 15. Ne5 g6 16. f3 Kh8 17. Kh1 Bd6 18. a3 Qe7 19. f4 Qe6 20. Bb1 Ne7
21. Ba2 Bc6 22. Bg3 Bxe5 23. dxe5 Ne4 24. Kh2 Nxg3 25. Kxg3 g5 26. Kh2 Rg8
27. Rg1 g4 28. Ne2 gxh3 29. Nd4 Qh6 30. Qf3 Rg6 31. Rxg6 hxg6 32. Qxh3
Qxh3+ 33. Kxh3 a5 34. Kg3 a4 35. Rh1+ Kg8 36. Kh4 Kg7 37. Ne6+ Kf7 38. Ng5+
Ke8 39. Kg3 Kd7 40. Rh7 Ra5 41. Rh2 Rc5 42. Nf3 Rc1 43. Nd4 Rg1+ 44. Rg2
Re1 45. Nc2 Rd1 46. Nd4 Re1 47. Nc2 Rd1 48. Nd4 Ke8 49. Rh2 Re1 50. Re2
Rg1+ 51. Rg2 Ra1 52. b4 axb3 53. Nxb3 Re1 54. Kf2 Rh1 55. Nd4 Kf7 56. Bb3
Rh8 57. Kg3 Ra8 58. a4 Ra6 59. Rb2 Rb6 60. Rc2 Ra6 61. Rb2 Rb6 62. Ra2 Ra6
63. Kh4 Ra8 64. a5 Bd7 65. Kg3 Kg7 66. Rc2 Bc6 67. Rc5 Kf7 68. Bc2 Ke8 69.
Kh4 Kd7 70. Kg5 Rh8 71. a6 Ra8 72. axb7 Bxb7 73. Bd3 Ke8 74. Bb5+ Kf7 75.
e6+ Kf8 76. Rc7 Ba6 77. Bxa6 Rxa6 78. Kf6 Ng8+ 79. Kxg6 Ne7+ 80. Kf6 Ng8+
81. Kxf5 Ra3 82. Nb5 Nh6+ 83. Kg6 Rxe3 84. e7+ 1-0

[Event "26th Open"]
[Site "Cappelle la Grande FRA"]
[Date "2010.02.15"]
[Round "3"]
[White "Vera Gonzalez Quevedo,R"]
[Black "Sumets,A"]
[Result "1/2-1/2"]
[WhiteElo "2499"]
[BlackElo "2621"]
[EventDate "2010.02.13"]

1. d4 Nf6 2. c4 e6 3. Nc3 Bb4 4. Qc2 O-O 5. a3 Bxc3+ 6. Qxc3 d5 7. Nf3 dxc4
8. Qxc4 b6 9. Bg5 Ba6 10. Qa4 c5 11. dxc5 bxc5 12. Rd1 Qb6 13. Bxf6 gxf6
14. Rd2 Nc6 15. Qg4+ Kh8 16. Qh4 Kg7 17. Qg3+ Kh8 18. Qh4 Kg7 19. Qg4+ Kh8
20. Qh4 Kg7 1/2-1/2

[Event "26th Open"]
[Site "Cappelle la Grande FRA"]
[Date "2010.02.15"]
[Round "3"]
[White "Vorobiov,E"]
[Black "Todorov,T"]
[Result "1-0"]
[WhiteElo "2621"]
[BlackElo "2490"]
[EventDate "2010.02.13"]

1. d4 Nf6 2. c4 g6 3. Nc3 Bg7 4. e4 d6 5. Be2 O-O 6. Bg5 h6 7. Be3 e5 8. d5
c6 9. Qd2 h5 10. h3 a6 11. Nf3 cxd5 12. cxd5 Nbd7 13. Ng5 b5 14. b4 Nh7 15.
a4 bxa4 16. Rxa4 Nb6 17. Ra5 Nxg5 18. Bxg5 Qc7 19. O-O f6 20. Be3 Nc4 21.
Bxc4 Qxc4 22. Nb5 Rd8 23. f3 Qxb5 24. Rxb5 axb5 25. Bb6 Rd7 26. Rc1 Bf8 27.
Ba5 Rf7 28. Qe3 Bd7 29. Rc7 Ra6 30. Rb7 Ra8 31. Qb6 Rc8 32. Qa7 Be8 33.
Rxf7 Bxf7 34. Bc7 Be7 35. Qb7 Rxc7 36. Qxc7 Kf8 37. Qc8+ Be8 38. h4 Kf7 39.
g3 Kf8 40. f4 Kf7 41. f5 gxf5 42. exf5 e4 43. Kf2 1-0

[Event "26th Open"]
[Site "Cappelle la Grande FRA"]
[Date "2010.02.15"]
[Round "4"]
[White "Bhat,V"]
[Black "Dziuba,M"]
[Result "1/2-1/2"]
[WhiteElo "2540"]
[BlackElo "2587"]
[EventDate "2010.02.13"]

1. d4 Nf6 2. c4 g6 3. Nc3 Bg7 4. e4 d6 5. Nf3 O-O 6. Be2 e5 7. Be3 c6 8. d5
Ng4 9. Bg5 f6 10. Bh4 c5 11. O-O h5 12. Ne1 Nh6 13. h3 Nd7 14. a3 g5 15.
Bg3 f5 16. exf5 h4 17. Bh2 Nf6 18. Nc2 Bxf5 19. Ne3 Bg6 20. Bd3 e4 21. Bc2
Qe7 22. Re1 a6 1/2-1/2

[Event "26th Open"]
[Site "Cappelle la Grande FRA"]
[Date "2010.02.15"]
[Round "4"]
[White "Shchekachev,A"]
[Black "Kharitonov,Alexandr"]
[Result "1/2-1/2"]
[WhiteElo "2546"]
[BlackElo "2538"]
[EventDate "2010.02.13"]

1. Nf3 d5 2. d4 Nf6 3. c4 c6 4. Nc3 dxc4 5. a4 e6 6. e3 c5 7. Bxc4 Nc6 8.
O-O Be7 9. Qe2 cxd4 10. exd4 O-O 11. Rd1 Nb4 12. Bg5 h6 13. Bh4 Bd7 14. Ne5
Bc6 15. a5 Bd5 16. Nxd5 Nfxd5 17. Bg3 1/2-1/2